LIBRARY ONLINE CATALOGUE

The role of competitive advantage on KCSE performance in Kenya (Record no. 18745)

MARC details
000 -LEADER
fixed length control field 00447nam a22001217a 4500
008 - FIXED-LENGTH DATA ELEMENTS--GENERAL INFORMATION
fixed length control field 210205b xxu||||| |||| 00| 0 eng d
050 ## - LIBRARY OF CONGRESS CALL NUMBER
Classification number GMB0864
Item number .L86 2015 c.1
100 ## - MAIN ENTRY--PERSONAL NAME
Personal name Lunani, Robert
245 ## - TITLE STATEMENT
Title The role of competitive advantage on KCSE performance in Kenya
Remainder of title a case of public secondary schools in Bungoma county
Statement of responsibility, etc. Robert Lunani
260 ## - PUBLICATION, DISTRIBUTION, ETC. (IMPRINT)
Place of publication, distribution, etc. Kabarak, Nakuru, Kenya
Name of publisher, distributor, etc. Kabarak University
Date of publication, distribution, etc. 2015
300 ## - PHYSICAL DESCRIPTION
Extent 83 leaves
942 ## - ADDED ENTRY ELEMENTS (KOHA)
Source of classification or shelving scheme Library of Congress Classification
Koha item type Thesis, Dissertation and Projecs
Holdings
Withdrawn status Lost status Source of classification or shelving scheme Not for loan Home library Current library Date acquired Total Checkouts Full call number Barcode Date last seen Price effective from Koha item type
    Library of Congress Classification   Kabarak, Main Campus Kabarak, Main Campus 05/02/2021   GMB0864 .L86 2015 c.1 027641 05/02/2021 05/02/2021 Thesis, Dissertation and Projecs
    Library of Congress Classification   Kabarak, Main Campus Kabarak, Main Campus 05/02/2021   GMB0864 .L86 2015 c.2 028212 05/02/2021 05/02/2021 Thesis, Dissertation and Projecs